00379nam a2200157Ia 45000010006000000050017000060080041000230410008000640820018000721000036000902450035001262600009001613000035001706500008002056540008002131836620260306171625.0260306s9999||||xx |||||||||||||| ||und|| aESP a658.4034bM84 aMontufar Benitez, Marco A.eAUT 0aInvestigación de operaciones c2009 axviii, 434 páginas :c25 cm. aGEN aCAN